Countries with Lithuanian embassies - Statistics

General Stats
  • This quiz has been taken 115 times
  • The average score is 34 of 42
Answer Stats
Continent Country % Correct
Europe United Kingdom
99%
North America Canada
96%
Asia China
96%
Asia/ Europe Russia
96%
Europe Estonia
94%
Europe Germany
94%
Europe Poland
94%
Europe Latvia
93%
Europe Norway
93%
Europe Spain
93%
Europe Sweden
93%
North America United States of America
93%
Europe France
92%
Europe Belarus
90%
Europe Finland
90%
Europe Italy
90%
Asia Japan
88%
Europe Ukraine
88%
Asia/ Europe Turkey
87%
South America Brazil
86%
Europe Portugal
86%
Europe Belgium
84%
Europe Denmark
83%
Europe Ireland
82%
Europe the Netherlands
82%
Europe Austria
81%
Europe Czech Republic
78%
Europe Romania
78%
Europe Croatia
75%
Asia India
75%
Europe Hungary
72%
Europe Switzerland
72%
Europe Greece
71%
Asia Armenia
70%
Asia Azerbaijan
66%
Africa Egypt
66%
Asia Georgia
60%
Europe Moldova
58%
Africa South Africa
58%
Asia Kazakhstan
53%
Asia Israel
49%
Europe Vatican City
48%
No matching quizzes found
Score Distribution
Percent of People with Each Score
Percentile by Number Answered
Your Score History
You have not taken this quiz